000 00794cab a2200241 4500
001 WB3503-15
008 090401t1999 xxu||||| |||| 00| 0 eng d
035 _a(Sirsi) u90858
041 _aeng
245 _aCathedral grants
260 _c1999
350 _a0
490 _aIndependent
_v22 January 1999, 9
490 _aDaily Telegraph
_v22 January 1999, 13 (1)
520 _aEnglish Heritage has announced grants totalling more than £9m to be spent on essential repairs to England`s cathedrals. However, only £3m is to be handed out initially with a further £6m dependant on the projects finishing on time.
650 _aCATHEDRALS
650 _aENGLISH HERITAGE
650 _aGRANTS
650 _aRESTORATION
690 _aCONSERVATION
942 _n0
948 _c22/01/1999
999 _c57635
_d57635